| 000 | 00991cam a22003375a 4500 | ||
|---|---|---|---|
| 001 | 17989147 | ||
| 005 | 20150628102230.0 | ||
| 008 | 140106t2014 nyua fr 001 0 eng d | ||
| 020 | _a9780071825047 (paperback) | ||
| 020 | _a0071825045 | ||
| 040 |
_aDLC _beng _cDLC _dDLC _dEG-ScBUE |
||
| 082 | 0 | 4 |
_a004.16 _bRIC _222 |
| 100 | 1 |
_aRich, Jason. _938189 |
|
| 245 | 1 | 0 |
_aHow to do everything. _piCloud / _cJason R. Rich. |
| 246 | 3 | _aiCloud | |
| 250 | _a2nd ed. | ||
| 260 |
_aNew York : _bMcGraw-Hill Education, _cc.2014. |
||
| 300 |
_axx, 266 p. : _bill. ; _c24 cm. |
||
| 490 | 0 | _aHow to do everything | |
| 500 | _aIndex : p. 253-266. | ||
| 630 | 0 | 0 |
_aiCloud. _2BUEsh |
| 630 | 0 | 0 |
_aiOS (Electronic resource) _2BUEsh |
| 630 | 0 | 0 |
_aMac OS. _2BUEsh |
| 650 | 0 |
_aCloud computing. _2BUEsh _937309 |
|
| 650 | 0 |
_aTablet computers. _2BUEsh |
|
| 650 | 0 |
_aApple computer. _2BUEsh |
|
| 651 | _2BUEsh | ||
| 653 |
_bCOMSCI _cJune2015 |
||
| 655 |
_vreading book _934232 |
||
| 942 |
_2ddc _k004.16 RIC |
||
| 999 |
_c19948 _d19920 |
||